Building Conservation Newsletter (Record no. 118860)

MARC details
000 -LEADER
fixed length control field 00722cas a22002175a 4500
001 - CONTROL NUMBER
control field ##L133985
008 - FIXED-LENGTH DATA ELEMENTS--GENERAL INFORMATION
fixed length control field 060627d19881995xxkbr p 0 a0eng u
035 ## - SYSTEM CONTROL NUMBER
System control number (Sirsi) u133985
041 0# - LANGUAGE CODE
Language code of text/sound track or separate title eng
110 2# - MAIN ENTRY--CORPORATE NAME
Corporate name or jurisdiction name as entry element Royal Institution of Chartered Surveyors
Subordinate unit Building Conservation Group
9 (RLIN) 4497
240 1# - UNIFORM TITLE
Uniform title Conservation Briefing
245 00 - TITLE STATEMENT
Title Building Conservation Newsletter
260 2# - PUBLICATION, DISTRIBUTION, ETC.
Place of publication, distribution, etc. London
Name of publisher, distributor, etc. RICS
Date of publication, distribution, etc. 1988-1995
362 0# - DATES OF PUBLICATION AND/OR SEQUENTIAL DESIGNATION
Dates of publication and/or sequential designation (2) Autumn 1988-(12) Summer 1995
362 0# - DATES OF PUBLICATION AND/OR SEQUENTIAL DESIGNATION
Dates of publication and/or sequential designation (3) Winter 1989-(12) Summer 1995
554 ## -
-- Two per year
651 #4 - SUBJECT ADDED ENTRY--GEOGRAPHIC NAME
Geographic name United Kingdom
Chronological subdivision
690 ## - LOCAL SUBJECT ADDED ENTRY--TOPICAL TERM (OCLC, RLIN)
Topical term or geographic name as entry element BUILT ENVIRONMENT-BUILDING MAINTENANCE AND REFURBISHMENT-BUILDING CONSERVATION
785 00 - SUCCEEDING ENTRY
Title Building Conservation Journal
942 ## - ADDED ENTRY ELEMENTS (KOHA)
Suppress in OPAC 0
Holdings
Withdrawn status Lost status Source of classification or shelving scheme Damaged status Not for loan Home library Current library Shelving location Date acquired Total Checkouts Full call number Barcode Date last seen Copy number Price effective from Koha item type
    Dewey Decimal Classification     London London Gallery 27/06/2006   RICS BUILDING CONSERVATION JOURNAL 133985-1001 06/08/2019 1 06/08/2019 Reference material